লোডিং...

Community-based long term care: innovative models

গ্রন্থ-পঞ্জীর বিবরন
প্রধান লেখক: Miller, Judith Ann
প্রকাশিত: London, Sage Publications 1991
বিষয়গুলি:
LEADER 005080000a22001570004500
020 |a 0-8039-3918-3 
082 |a 362.16 N1 
100 |a Miller, Judith Ann 
245 |a Community-based long term care: innovative models 
260 |a London, Sage Publications 
260 |c 1991 
650 |a Community health services 
650 |a Long term care 
650 |a Organisation 
999 |c 88569  |d 88569 
952 |0 0  |1 0  |4 0  |6 362_160000000000000_N1  |7 0  |9 80904  |a SBES  |b SBES  |d 2016-08-12  |l 0  |o 362.16 N1  |p SBES01054  |r 2016-08-12  |w 2016-08-12